| 000 | 00723nam a2200229 u 4500 | ||
|---|---|---|---|
| 005 | 20240831063752.0 | ||
| 008 | 121122s1985 r 000 0 eng d | ||
| 020 | _a8476470223 | ||
| 035 | _aUPN01000188880 | ||
| 049 | _aI | ||
| 050 | 4 |
_aPQ6668 O3.75 _bC3.7 |
|
| 100 | 1 |
_aRodríguez Almodóvar, Antonio, _d1941- _930636 |
|
| 245 | 1 | 3 |
_aEl castillo de irás y no volverás / _cA. R. Almodóvar ; il. Margarita Menéndez. |
| 260 |
_aSevilla, Esp. : _bAlgaida, _c1985. |
||
| 300 |
_a16 p. : _bil. col. |
||
| 440 | 0 |
_aCuentos de la media lunita ; _v12 |
|
| 650 | 4 |
_aCuentos infantiles españoles _97725 |
|
| 650 | 4 |
_aLibros y lectura para niños _92290 |
|
| 905 | _aInfantil | ||
| 999 |
_c160983 _d160983 |
||